Sports Quiz

Random Sports Quiz
Score 0/30 Timer 15:00
0 Plays Today
% Correct
Zdeno Chara
81%
Tie Domi
76.2%
Scott Stevens
71.4%
Eric Lindros
66.7%
Chris Neil
66.7%
Owen Nolan
61.9%
Donald Brashear
61.9%
Glen Wesley
52.4%
Claude Lemieux
52.4%
Ken Daneyko
47.6%
Ulf Samuelsson
47.6%
Scott Mellanby
42.9%
Pat Verbeek
38.1%
Mathieu Schneider
33.3%
Bryan McCabe
33.3%
% Correct
Kevin Dineen
33.3%
Doug Houda
28.6%
Lyle Odelein
28.6%
Nick Kypreos
23.8%
Chris Nilan
23.8%
Shayne Corson
23.8%
Mike Peluso
19%
Todd Ewen
9.5%
Darren Langdon
9.5%
Lyndon Byers
4.8%
Paul Gillis
4.8%
Brian Skrudland
4.8%
Jay Miller
4.8%
Mick Vukota
0%
Steven Finn
0%

You're not logged in!

Compare scores with friends on all Sporcle quizzes.
OR
Log In

From the Vault

Guess the 'C' Things in 3 Words

by MSUKent

They might not necessarily be things you can C, though.
Remove Ads.
Support Sporcle.
Get the best of Sporcle when you Go Orange. This ad-free experience offers more features, more stats, and more fun while also helping to support Sporcle. Thank you for becoming a member.

Show Comments

Extras

Created Feb 15, 2017ReportNominate
Tags:buffalo, Buffalo Sabres, nemesia

Top Quizzes Today


Score Distribution

Your Account Isn't Verified!

In order to create a playlist on Sporcle, you need to verify the email address you used during registration. Go to your Sporcle Settings to finish the process.

Report this User

Report this user for behavior that violates our Community Guidelines.

Details: